[Event "41st IT Bosna 2011"]
[Site "Sarajevo"]
[Date "2011.05.06"]
[Round "4.31"]
[White "Sadikovic, Jasmin"]
[Black "Rasidovic, Sead"]
[Result "1/2-1/2"]
[WhiteElo "2093"]
[BlackElo "2380"]
[PlyCount "166"]
[EventDate "2011.05.03"]

1. e4 e6 2. d4 d5 3. Nc3 Nf6 4. e5 Nfd7 5. f4 c5 6. Nf3 Nc6 7. Be3 a6 8. Qd2
Be7 9. Na4 b6 10. a3 Bb7 11. Be2 O-O 12. O-O f6 13. b3 cxd4 14. Nxd4 Nxd4 15.
Bxd4 b5 16. Nb2 fxe5 17. fxe5 Bg5 18. Rxf8+ Nxf8 19. Qe1 Ng6 20. Bg4 Qe7 21.
Nd3 Nf4 22. Nc5 Bc8 23. g3 Ng6 24. h4 Bh6 25. Qf2 Bd7 26. Rf1 Rf8 27. Qe2 Rxf1+
28. Kxf1 Nh8 29. Nxa6 Bc1 30. Bc5 Qe8 31. Bb4 Nf7 32. Nc5 g6 33. Nd3 Bh6 34.
Bc3 Bg7 35. Qf2 Qb8 36. Qd4 Nh6 37. Kg2 Qc7 38. Bh3 Bf8 39. b4 Qc6 40. Nf4 Nf7
41. Bg4 Bg7 42. Nd3 Qa8 43. Nc5 Bxe5 44. Qf2 d4+ 45. Bf3 Bc6 46. Bb2 Bd5 47.
Bxd5 Qxd5+ 48. Qf3 Qc4 49. Qd3 Nd6 50. Bc1 Kf7 51. Bg5 Qd5+ 52. Qf3+ Qxf3+ 53.
Kxf3 Bg7 54. Bc1 e5 55. Ne4 Ne8 56. Ng5+ Ke7 57. Nxh7 Ke6 58. Ng5+ Kd5 59. Ne4
Nf6 60. Nxf6+ Bxf6 61. Ke2 e4 62. Bd2 Kc4 63. Be1 d3+ 64. cxd3+ exd3+ 65. Kd1
Bb2 66. g4 Bxa3 67. h5 gxh5 68. gxh5 Bb2 69. h6 Kd5 70. Bh4 Bc3 71. Be7 Ke6 72.
Bf8 Kf7 73. Bd6 Kg6 74. Bf8 Kh7 75. Kc1 Kg8 76. Bd6 Kf7 77. Kd1 Bf6 78. Kd2
Bg5+ 79. Kxd3 Bxh6 80. Kd4 Ke6 81. Kc5 Be3+ 82. Kc6 Bd2 83. Bc5 Bxb4 1/2-1/2

[Event "41st IT Bosna 2011"]
[Site "Sarajevo"]
[Date "2011.05.06"]
[Round "4.32"]
[White "Cerimovic, Aldin"]
[Black "Kamberovic, Senad"]
[Result "0-1"]
[WhiteElo "2092"]
[BlackElo "2272"]
[PlyCount "64"]
[EventDate "2011.05.03"]

1. a3 g6 2. f4 d5 3. Nf3 Bg7 4. e3 Nf6 5. Be2 O-O 6. O-O b6 7. d4 c5 8. b4 cxd4
9. Nxd4 Bb7 10. Nd2 Nc6 11. Bb2 Rc8 12. Rc1 Qd6 13. N2b3 Rfd8 14. Nxc6 Qxc6 15.
Nd4 Qd6 16. Qd3 a6 17. Rfd1 Nd7 18. Qb3 b5 19. Kh1 Nb6 20. Nf3 Qe6 21. Bxg7
Kxg7 22. Nd4 Qf6 23. Bg4 e6 24. Be2 Rc7 25. Bxb5 axb5 26. Nxb5 Rc4 27. Nd4 Rdc8
28. c3 Ra8 29. Nf3 Re4 30. Rd3 Nc4 31. a4 Rxe3 32. Rxe3 Nxe3 0-1

[Event "41st IT Bosna 2011"]
[Site "Sarajevo"]
[Date "2011.05.06"]
[Round "4.33"]
[White "Bandic, Adnan"]
[Black "Hamornik, Jozef"]
[Result "1-0"]
[WhiteElo "2210"]
[BlackElo "2063"]
[PlyCount "85"]
[EventDate "2011.05.03"]

1. e4 e5 2. Bc4 Nf6 3. d3 Nc6 4. Nf3 d6 5. Ng5 Bg4 6. Nxf7 Bxd1 7. Nxd8 Bxc2 8.
Nxc6 bxc6 9. Nc3 d5 10. exd5 Bb4 11. dxc6 Ba4 12. O-O Bxc6 13. Nb5 Kd7 14. d4
a6 15. Nc3 Rhe8 16. dxe5 Rxe5 17. Rd1+ Kc8 18. Be3 Kb7 19. Rac1 Rf8 20. Ne2 Bb5
21. h3 Ba5 22. Nf4 Rfe8 23. Nd3 Rxe3 24. Bxb5 axb5 25. Nc5+ Kc8 26. fxe3 Rxe3
27. Rd3 Rxd3 28. Nxd3 Bb6+ 29. Kf1 Ne4 30. Ke2 Bd4 31. a4 bxa4 32. Rc4 c5 33.
Rxa4 Nd6 34. Ra6 Kc7 35. b3 Kd7 36. Nf4 Be5 37. Nd5 Ke6 38. Nc7+ Kd7 39. Nd5
Ke6 40. Ne3 Kd7 41. Nc4 Nxc4 42. bxc4 h5 43. Kf3 1-0

[Event "41st IT Bosna 2011"]
[Site "Sarajevo"]
[Date "2011.05.06"]
[Round "4.34"]
[White "Vukmirovic, Dusan"]
[Black "Djukic, Sandra"]
[Result "1/2-1/2"]
[WhiteElo "2087"]
[BlackElo "2202"]
[PlyCount "178"]
[EventDate "2011.05.03"]

1. c4 e6 2. d4 d5 3. Nc3 Nf6 4. Bf4 c6 5. e3 Qa5 6. Bd3 dxc4 7. Bxc4 Nd5 8.
Nge2 Nxf4 9. Nxf4 Be7 10. O-O O-O 11. a3 e5 12. Qh5 Nd7 13. Ba2 Qc7 14. dxe5
Qxe5 15. Qe2 Nc5 16. Nd3 Nxd3 17. Qxd3 Bf5 18. e4 Rad8 19. Qe2 Be6 20. Bxe6
Qxe6 21. Rad1 Bc5 22. Rd3 Rxd3 23. Qxd3 Qf6 24. Qe2 Bd4 25. Nd1 Re8 26. Kh1 Qe5
27. Re1 Kh8 28. Qc4 Qf6 29. f4 Rd8 30. g3 h6 31. Qe2 Qd6 32. Kg2 Kg8 33. Kf3
Qc5 34. b4 Qh5+ 35. Kg2 Qxe2+ 36. Rxe2 Kf8 37. h3 Ke7 38. Kf3 Bb6 39. Nb2 Rd4
40. e5 Ke6 41. Re3 Rd2 42. Re2 Rd7 43. Rc2 g5 44. Kg4 gxf4 45. gxf4 Rd4 46. Na4
h5+ 47. Kg5 Bd8+ 48. Kxh5 Rxf4 49. Nc5+ Kf5 50. Kh6 b6 51. Nb7 Bg5+ 52. Kg7
Kxe5 53. Rxc6 Be7 54. Rc3 Ke6 55. Rd3 Rf5 56. Nd8+ Bxd8 57. Rxd8 Rg5+ 58. Kh6
Rg3 59. h4 Rxa3 60. h5 Ra4 61. Kg7 Rxb4 62. Re8+ Kd7 63. Ra8 a5 64. h6 Rh4 65.
h7 Kc6 66. h8=Q Rxh8 67. Rxh8 a4 68. Kf6 Kc5 69. Ke5 a3 70. Rh3 b5 71. Rxa3 b4
72. Ra7 Kc4 73. Ke4 Kc3 74. Rc7+ Kd2 75. Rxf7 b3 76. Kd4 b2 77. Rf2+ Kc1 78.
Kc3 b1=N+ 79. Kd3 Na3 80. Rf4 Kb2 81. Rb4+ Ka2 82. Kc3 Nb1+ 83. Kc2 Na3+ 84.
Kc1 Ka1 85. Rb2 Nc4 86. Rb4 Na3 87. Rb8 Ka2 88. Kd2 Nb1+ 89. Kc1 Na3 1/2-1/2

[Event "41st IT Bosna 2011"]
[Site "Sarajevo"]
[Date "2011.05.06"]
[Round "4.35"]
[White "Pestek, Elvis"]
[Black "Bucan, Eldin"]
[Result "0-1"]
[WhiteElo "2006"]
[BlackElo "2177"]
[PlyCount "76"]
[EventDate "2011.05.03"]

1. e4 e5 2. Bc4 Nf6 3. Nc3 Nxe4 4. Nxe4 d5 5. Qh5 dxc4 6. Qxe5+ Qe7 7. Qxe7+
Bxe7 8. b3 Bf5 9. f3 cxb3 10. axb3 Nc6 11. Bb2 Nb4 12. O-O-O O-O 13. Ne2 a5 14.
N2c3 c6 15. Rhe1 Bg6 16. d4 b5 17. d5 a4 18. d6 Bd8 19. bxa4 bxa4 20. Ba3 c5
21. Nd5 Ba5 22. Ne7+ Kh8 23. Nxg6+ hxg6 24. c3 Rfb8 25. d7 Na2+ 26. Kc2 Rb3 27.
Ng5 Rg8 28. Re4 Rf8 29. Nxf7+ Kg8 30. d8=Q Bxd8 31. Nxd8 Nxc3 32. Bxc5 Rf5 33.
Re8+ Kh7 34. Be7 Nxd1 35. Kxd1 a3 36. Bxa3 Rxa3 37. Nb7 Rb5 38. Re7 Ra7 0-1

[Event "41st IT Bosna 2011"]
[Site "Sarajevo"]
[Date "2011.05.06"]
[Round "4.36"]
[White "Tucakovic, Mario"]
[Black "Zlobec, Srdjan"]
[Result "1-0"]
[WhiteElo "2005"]
[BlackElo "2153"]
[PlyCount "57"]
[EventDate "2011.05.03"]

1. e4 c5 2. Nf3 d6 3. d4 cxd4 4. Nxd4 Nf6 5. Nc3 a6 6. Be2 e6 7. h4 b5 8. Bf3
e5 9. Nf5 g6 10. Ne3 Be6 11. Ned5 Nbd7 12. h5 Bxd5 13. Nxd5 Nxd5 14. Qxd5 Rc8
15. hxg6 fxg6 16. c3 Rc5 17. Qb3 Rc4 18. Be3 Qc7 19. a4 Nc5 20. Bxc5 Qxc5 21.
axb5 Qxb5 22. Qc2 Rc6 23. Be2 Qc5 24. Bxa6 Be7 25. Bb7 Rb6 26. Ra8+ Bd8 27. Bd5
Qb5 28. b4 Kd7 29. Ra5 1-0

[Event "41st IT Bosna 2011"]
[Site "Sarajevo"]
[Date "2011.05.06"]
[Round "4.37"]
[White "Marjanovic, Dejan"]
[Black "Orehek, Spela"]
[Result "0-1"]
[WhiteElo "2149"]
[BlackElo "2017"]
[PlyCount "100"]
[EventDate "2011.05.03"]

1. e4 c5 2. Nf3 Nc6 3. Bb5 d6 4. Bxc6+ bxc6 5. O-O e5 6. c3 Bg4 7. h3 Bh5 8. d3
Nf6 9. Nbd2 Be7 10. Qa4 Qd7 11. d4 exd4 12. e5 dxc3 13. bxc3 Nd5 14. exd6 Qxd6
15. Ne4 Qc7 16. Ne5 Be2 17. Re1 Bb5 18. Qc2 Qxe5 19. Bg5 O-O 20. Nf6+ Qxf6 21.
Bxf6 Bxf6 22. Rad1 Bxc3 23. Re4 Bf6 24. Rde1 c4 25. a3 Rad8 26. h4 c3 27. Rg4
Ne7 28. Qc1 h5 29. Rf4 Ng6 30. Rxf6 gxf6 31. Qxc3 Kg7 32. Qc5 a6 33. Re3 Rd5
34. Qc2 Rfd8 35. a4 Rd2 36. Qb3 R2d3 37. Rxd3 Bxd3 38. Qb6 Re8 39. Qxc6 Re6 40.
Qd5 Nf4 41. Qf3 Ne2+ 42. Kh2 Bg6 43. Qd5 Re4 44. g3 Rxa4 45. f4 Re4 46. Qd7 Nd4
47. Qb7 Re2+ 48. Kg1 Be4 49. Qxa6 Nf3+ 50. Kf1 Rd2 0-1

[Event "41st IT Bosna 2011"]
[Site "Sarajevo"]
[Date "2011.05.06"]
[Round "4.38"]
[White "Koksal, Ege"]
[Black "Brkic, Mustafa"]
[Result "1-0"]
[WhiteElo "2004"]
[BlackElo "2143"]
[PlyCount "67"]
[EventDate "2011.05.03"]

1. d4 b6 2. c4 e6 3. Nf3 f5 4. g3 Nf6 5. Bg2 Bb4+ 6. Nbd2 Bb7 7. O-O O-O 8. a3
Be7 9. b4 Ne4 10. Bb2 Bf6 11. Ne1 c5 12. Nxe4 fxe4 13. Qc2 d5 14. cxd5 exd5 15.
bxc5 Nc6 16. Rd1 Rc8 17. f3 e3 18. Bh3 Rc7 19. Ng2 Re8 20. Nf4 Rce7 21. cxb6
axb6 22. Qf5 Na5 23. Bc3 Nc4 24. Bb4 Rf7 25. Qc2 g5 26. Ne6 Qa8 27. f4 Bc8 28.
Nxg5 Rc7 29. Nxh7 Rxh7 30. Qg6+ Rg7 31. Qxe8+ Kh7 32. Bxc8 Kh6 33. Qh8+ Kg6 34.
f5+ 1-0

[Event "41st IT Bosna 2011"]
[Site "Sarajevo"]
[Date "2011.05.06"]
[Round "4.44"]
[White "Uyanik, Mehmet"]
[Black "Sadikovic, Samir"]
[Result "0-1"]
[WhiteElo "1668"]
[BlackElo "2167"]
[PlyCount "118"]
[EventDate "2011.05.03"]

1. e4 c5 2. Nf3 Qc7 3. d4 cxd4 4. Nxd4 a6 5. Nc3 e6 6. Be2 Bb4 7. Bd2 Nf6 8.
O-O h5 9. a3 Bxc3 10. Bxc3 Nxe4 11. Bb4 Nc6 12. Nxc6 bxc6 13. Qd4 Nf6 14. Bd6
Qa5 15. c4 Qf5 16. f4 Qe4 17. Qd2 Ng4 18. Rf3 Qg6 19. Rg3 f5 20. h3 h4 21. Rb3
Nf6 22. Bf3 Kf7 23. Re1 a5 24. Qe2 Ne8 25. Rb8 Rxb8 26. Bxb8 Ba6 27. Qd2 d5 28.
cxd5 cxd5 29. Qxa5 Bc4 30. Qa7+ Kg8 31. Qb6 Rh6 32. Be5 Qf7 33. b3 Bd3 34. Rc1
Kh7 35. Rc8 Be4 36. Bxe4 fxe4 37. Qd8 Nf6 38. Rc7 Qg6 39. Rc8 Qf5 40. Qh8+ Kg6
41. Qf8 e3 42. Rc1 Qd3 43. Bxf6 gxf6 44. Qg8+ Kf5 45. Qg4+ Ke4 46. Qxe6+ Kd4
47. Qb6+ Ke4 48. Qe6+ Kd4 49. Qb6+ Ke4 50. Qe6+ Kd4 51. Qb6+ Ke4 52. Qb4+ Kf5
53. Qe1 Rg6 54. Rc3 Qe4 55. Qe2 Kxf4 56. Qf1+ Ke5 57. Qe2 Rg3 58. Qh5+ Kd4 59.
Rc1 Qxg2# 0-1

[Event "41st IT Bosna 2011"]
[Site "Sarajevo"]
[Date "2011.05.06"]
[Round "4.45"]
[White "Cosovic, Aziz"]
[Black "Besirevic, Jasmin"]
[Result "0-1"]
[WhiteElo "2059"]
[BlackElo "1967"]
[PlyCount "84"]
[EventDate "2011.05.03"]

1. e4 c5 2. Nf3 d6 3. d4 cxd4 4. Nxd4 Nf6 5. Nc3 e5 6. Ndb5 a6 7. Na3 b5 8. Nd5
Be6 9. Bg5 Nbd7 10. c4 Bxd5 11. exd5 b4 12. Nc2 a5 13. Bd3 Be7 14. O-O Nc5 15.
Be3 Nxd3 16. Qxd3 O-O 17. f4 Ng4 18. Rae1 Nxe3 19. Qxe3 Bf6 20. b3 Re8 21. f5
Qe7 22. Qe4 h6 23. g3 Rec8 24. Kg2 a4 25. Nxb4 axb3 26. axb3 Qb7 27. Nc6 Qxb3
28. Rb1 Ra2+ 29. Rf2 Rxf2+ 30. Kxf2 Qa2+ 31. Kg1 Ra8 32. Rc1 Qb2 33. Qc2 Qa3
34. Qc3 Qc5+ 35. Kg2 e4 36. Qe1 Ra2+ 37. Kh3 Qa3 38. Qh1 Qb2 39. Re1 Qf2 40.
Rf1 Qe2 41. Rf4 Qh5+ 42. Rh4 Bxh4 0-1

[Event "41st IT Bosna 2011"]
[Site "Sarajevo"]
[Date "2011.05.06"]
[Round "4.46"]
[White "Patrucic, Miroslav"]
[Black "Grubacic, Mile"]
[Result "1-0"]
[WhiteElo "2039"]
[BlackElo "2048"]
[PlyCount "63"]
[EventDate "2011.05.03"]

1. d4 Nf6 2. c4 e6 3. Nc3 d5 4. Bg5 Be7 5. Nf3 O-O 6. e3 Nbd7 7. c5 c6 8. Bd3
b6 9. b4 bxc5 10. bxc5 e5 11. Bf5 exd4 12. exd4 Ba6 13. Bd3 Qa5 14. O-O Qxc3
15. Bxa6 Rab8 16. Re1 Rfe8 17. Re3 Qa5 18. Bd3 h6 19. Bh4 g5 20. Bg3 Rb2 21. h4
Ng4 22. Re2 Rxe2 23. Qxe2 Ndf6 24. Ne5 Qc3 25. Rd1 Bxc5 26. Qf3 Nxe5 27. Bh7+
Kxh7 28. Qxc3 Ne4 29. Qc2 Bxd4 30. Rxd4 f5 31. Bxe5 Rxe5 32. Qxc6 1-0

[Event "41st IT Bosna 2011"]
[Site "Sarajevo"]
[Date "2011.05.06"]
[Round "4.47"]
[White "Hadziselimovic, Bernardina"]
[Black "Corovic, Sean"]
[Result "0-1"]
[WhiteElo "1822"]
[BlackElo "2116"]
[PlyCount "136"]
[EventDate "2011.05.03"]

1. e4 e5 2. Nf3 Nf6 3. d4 Nxe4 4. Bd3 d5 5. dxe5 Nc5 6. Nc3 c6 7. Bf4 Bg4 8.
Qd2 Ne6 9. Bg3 Bb4 10. a3 Qa5 11. O-O Bxc3 12. Qxc3 Qxc3 13. bxc3 Bxf3 14. gxf3
g5 15. c4 Nd7 16. cxd5 cxd5 17. Rab1 Ndc5 18. Bb5+ Ke7 19. Rfd1 Rhd8 20. Bd3 h6
21. a4 b6 22. a5 bxa5 23. Rb5 a4 24. Bf5 d4 25. Bxe6 Nxe6 26. Ra5 Rd7 27. Rxa4
Rc8 28. Rd2 Rc5 29. Kg2 Rcd5 30. Ra6 Kf8 31. Kf1 Kg7 32. h4 gxh4 33. Bh2 h3 34.
f4 Nc5 35. Ra3 Ne4 36. Rdd3 Rc5 37. Ra2 Rc3 38. f5 Rxd3 39. cxd3 Nc3 40. Ra1
Rb7 41. f4 Rb2 42. Kg1 Rg2+ 43. Kh1 Rd2 44. Rg1+ Kf8 45. f6 a5 46. f5 Rd1 47.
e6 Rxg1+ 48. Kxg1 a4 49. Bd6+ Ke8 50. Kh2 Nb5 51. Bf4 a3 52. Bc1 a2 53. Bb2 Na3
54. Bxd4 Nc2 55. Be5 a1=Q 56. Bxa1 Nxa1 57. d4 Nc2 58. d5 Ne3 59. d6 fxe6 60.
fxe6 Ng4+ 61. Kxh3 Nxf6 62. Kh4 Kf8 63. Kh3 Ne4 64. d7 Ng5+ 65. Kg4 Nxe6 66.
Kf5 Kf7 67. Ke5 Ke7 68. Kf5 Ng7+ 0-1

[Event "41st IT Bosna 2011"]
[Site "Sarajevo"]
[Date "2011.05.06"]
[Round "4.48"]
[White "Hadzialic, Benjamin"]
[Black "Colpa, Husein"]
[Result "1-0"]
[WhiteElo "1702"]
[BlackElo "1990"]
[PlyCount "120"]
[EventDate "2011.05.03"]

1. d4 d5 2. c4 e6 3. Nf3 Nf6 4. Nc3 Be7 5. Bg5 b6 6. e3 Bb7 7. Rc1 O-O 8. cxd5
Nxd5 9. Bxe7 Nxe7 10. Be2 Nd7 11. O-O a6 12. Qd2 Nf6 13. Rfd1 Qd6 14. a3 Rad8
15. Qc2 Ng6 16. Na2 Rd7 17. h3 a5 18. Bb5 Be4 19. Qe2 c6 20. Ba4 b5 21. Bb3
Rfd8 22. Nc3 Bd5 23. Bc2 Bc4 24. Qe1 b4 25. Bxg6 hxg6 26. Ne5 Bb3 27. Nxd7 Rxd7
28. Rd3 Bc4 29. Rdd1 bxc3 30. Qxc3 Be2 31. Re1 Ba6 32. Qxa5 Bb7 33. Qc5 Qc7 34.
b4 Rd5 35. Qc4 Qb6 36. Red1 g5 37. Qb3 e5 38. dxe5 Rxe5 39. Qc3 Rf5 40. Qd4 Qa6
41. Qd8+ Kh7 42. Qe7 Kg6 43. a4 Rd5 44. Rxd5 Nxd5 45. Qd6+ Nf6 46. e4 Kh7 47.
Qe7 Kg6 48. b5 cxb5 49. Rc7 Bxe4 50. Qxf7+ Kh6 51. Qxg7+ Kh5 52. g4+ Nxg4 53.
hxg4+ Kxg4 54. Rc5 Qg6 55. Qxg6 Bxg6 56. Rxb5 Be8 57. Rb8 Bc6 58. a5 Kf4 59. a6
g4 60. a7 g3 1-0

[Event "41st IT Bosna 2011"]
[Site "Sarajevo"]
[Date "2011.05.06"]
[Round "4.49"]
[White "Dedijer, Mira"]
[Black "Lakota, Izet"]
[Result "1-0"]
[WhiteElo "1968"]
[BlackElo "1838"]
[PlyCount "71"]
[EventDate "2011.05.03"]

1. e4 e5 2. Nf3 d6 3. d4 exd4 4. Nxd4 Bd7 5. Bc4 Be7 6. Qh5 g6 7. Qd5 Be6 8.
Nxe6 fxe6 9. Qxe6 Qd7 10. Qf7+ Kd8 11. Be6 Qe8 12. Qxe8+ Kxe8 13. Bc8 Nd7 14.
Bxb7 Rb8 15. Bc6 Rb6 16. Bxd7+ Kxd7 17. Nc3 Bf6 18. Nd5 Rc6 19. c3 Rc4 20. f3
Be5 21. Bf4 Bg7 22. O-O-O Ne7 23. Nxe7 Kxe7 24. Be3 c5 25. Bf4 Rd8 26. Bg5+ Bf6
27. Bxf6+ Kxf6 28. Rd3 Ra4 29. a3 Ra6 30. Rhd1 Ke6 31. Rd5 Rd7 32. e5 Rc6 33.
Rxd6+ Rdxd6 34. Rxd6+ Rxd6 35. exd6 Kxd6 36. Kc2 1-0